| 000 | 00901nam a22002417a 4500 | ||
|---|---|---|---|
| 005 | 20170314105642.0 | ||
| 010 | _a1617EN ENG-116976 | ||
| 020 |
_a9781138191334 _c1195.00 |
||
| 035 | _aB-649773-780 | ||
| 035 | _aEN-100508 | ||
| 037 |
_aDPL _bUPPAL |
||
| 037 | _bDBAD/PUB | ||
| 082 | _a330 | ||
| 245 |
_aThemes in economic analysis: _ced by Subrata Guha; Rajendra Prasad Kundu [and] S.Subramanian / _btheory, policy and measurement / |
||
| 260 |
_aNew York _bRoutledge _c2016 |
||
| 270 |
_a711 third avenue _bNew York _eNY 10017 |
||
| 300 |
_axxv,383p. _c24cm(Hb) |
||
| 500 | _aEssays in honour of satish Jain | ||
| 700 | _aKundu, Rajendra Prasad | ||
| 700 | _aSubramanian, S. | ||
| 942 |
_2ddc _cEN _h330 _mTHE |
||
| 999 |
_c102157 _d102157 |
||